[Event "Quadzilla.2"]
[Site "Flint, MI"]
[Date "1997.10.04"]
[Round "3.7"]
[White "Iyer, Krishnan"]
[Black "Crist, Kevin"]
[Result "1-0"]
[WhiteElo "1511"]
[BlackElo "929"]
[PlyCount "101"]
[EventDate "1997.10.04"]

1. e4 e5 2. Nf3 d5 3. exd5 Qxd5 4. Nc3 Qd6 5. Qe2 Nc6 6. Nb5 Qd7 7. Nxe5 Nxe5
8. Qxe5+ Be7 9. Nxc7+ Kd8 10. Nxa8 Bd6 11. Qa5+ b6 12. Qc3 Nf6 13. d3 Re8+ 14.
Kd1 Qe7 15. Bg5 Bb7 16. Bxf6 gxf6 17. a3 Bf4 18. Rg1 Bxa8 19. Qd4+ Bd6 20. Qc3
Be5 21. d4 Bxh2 22. Rh1 Bxg2 23. Rxh2 Bf3+ 24. Kd2 Qe4 25. Qe3 Qc6 26. Qxe8+
Kxe8 27. a4 Be4 28. Bb5 Qxb5 29. axb5 Kd7 30. Rxa7+ Ke6 31. c4 f5 32. Rh6+ f6
33. Ra6 f4 34. Rxb6+ Kf5 35. Rhxf6+ Kg4 36. d5 h5 37. d6 h4 38. d7 h3 39. d8=Q
h2 40. Rh6 h1=Q 41. Rxh1 Bxh1 42. Qg8+ Kf3 43. Qa8+ Kxf2 44. Qxh1 Kg3 45. Ke2
Kg4 46. Qf3+ Kg5 47. Rb8 Kf5 48. Re8 Kg5 49. Qe4 Kg4 50. Rg8+ Kh5 51. Qh7# 1-0

[Event "Quadzilla.2"]
[Site "Flint, MI"]
[Date "1997.10.04"]
[Round "1.7"]
[White "Iyer, Krishnan"]
[Black "Crann, Bill"]
[Result "0-1"]
[WhiteElo "1511"]
[BlackElo "1101"]
[PlyCount "76"]
[EventDate "1997.10.04"]

1. e4 c5 2. Nf3 Nc6 3. d4 cxd4 4. Nxd4 d6 5. c4 e5 6. Nb3 Nf6 7. Nc3 Bg4 8. Be2
Bxe2 9. Qxe2 Qb6 10. Be3 Nd4 11. Rd1 Nxe2 12. Bxb6 Nxc3 13. Rd3 Nfxe4 14. Ba5
Nxa2 15. O-O b6 16. Be1 Rc8 17. f3 Nc5 18. Nxc5 Rxc5 19. Ra3 Nc1 20. Bd2 Ne2+
21. Kf2 Nf4 22. g3 Ne6 23. Rxa7 Be7 24. Rfa1 Rxc4 25. Rb7 Rc2 26. Ke1 Bd8 27.
b4 O-O 28. Rd7 Nd4 29. Kd1 Rxd2+ 30. Kxd2 Nb3+ 31. Kc2 Nxa1+ 32. Kb2 Bf6 33.
Kxa1 e4+ 34. Kb1 exf3 35. Rxd6 Rd8 36. Rc6 f2 37. Rc1 Rd2 38. h4 h6 0-1

[Event "Quadzilla.2"]
[Site "Flint, MI"]
[Date "1997.10.04"]
[Round "1.8"]
[White "Crist, Kevin"]
[Black "Saylor, Oliver"]
[Result "0-1"]
[WhiteElo "929"]
[BlackElo "1299"]
[PlyCount "84"]
[EventDate "1997.10.04"]

1. e4 e5 2. Nf3 Nc6 3. Bb5 a6 4. Bxc6 dxc6 5. Nxe5 Qd4 6. O-O Qxe5 7. d4 Qe6 8.
c3 Be7 9. Re1 Nf6 10. Nd2 O-O 11. e5 Nd5 12. Ne4 b5 13. Qd3 Qg6 14. Qf3 Bg4 15.
Qg3 Bf5 16. Qxg6 Bxg6 17. Ng3 c5 18. f4 f5 19. Bd2 cxd4 20. cxd4 Bh4 21. Re2
Bxg3 22. hxg3 Bh5 23. Ree1 Rae8 24. Rac1 Re6 25. Rc5 c6 26. a3 Rg6 27. Kf2 Re8
28. Ba5 Ree6 29. b3 Rg4 30. Rec1 Be8 31. Rh1 Rgg6 32. Rh5 Rg4 33. Rxf5 Reg6 34.
Rg5 R4xg5 35. fxg5 Rxg5 36. Rc1 Rg4 37. Rd1 Bh5 38. Bd8 Nc3 39. Rd3 Ne4+ 40.
Kf3 Nxg3 41. Rd2 Rxd4+ 42. Ke3 Nf5+ 0-1

[Event "Quadzilla.2"]
[Site "Flint, MI"]
[Date "1997.10.04"]
[Round "3.6"]
[White "Crann, Bill"]
[Black "Maul, Tim"]
[Result "0-1"]
[WhiteElo "1101"]
[BlackElo "1600"]
[PlyCount "100"]
[EventDate "1997.10.04"]

1. d4 Nf6 2. e3 e6 3. Bd3 d5 4. Nd2 c5 5. c3 Nc6 6. f4 Bd6 7. Ngf3 cxd4 8. cxd4
O-O 9. O-O Nb4 10. Qb3 Nxd3 11. Qxd3 Bd7 12. b3 Qb6 13. Rb1 Bb5 14. Nc4 dxc4
15. bxc4 Bxc4 16. Rxb6 Bxd3 17. Rxd6 Bxf1 18. Kxf1 Rac8 19. Ba3 Rc7 20. Ne5
Rfc8 21. g4 Ne4 22. Rd7 Rxd7 23. Nxd7 Rc2 24. Nc5 Nxc5 25. Bxc5 Rxa2 26. f5 b6
27. Bd6 a5 28. e4 Rd2 29. d5 exd5 30. e5 b5 31. e6 fxe6 32. fxe6 Rd4 33. e7 Kf7
34. Kf2 Re4 35. Kf3 b4 36. h4 b3 37. Ba3 Rxe7 38. Bxe7 Kxe7 39. Kf4 b2 40. Ke5
b1=Q 41. Kxd5 Qe1 42. Kc4 Qxh4 43. Kb5 Qxg4 44. Kxa5 h5 45. Kb6 h4 46. Kc6 h3
47. Kd5 h2 48. Ke5 Qg5+ 49. Ke4 h1=Q+ 50. Kd4 Qhh4+ 0-1

[Event "Quadzilla.2"]
[Site "Flint, MI"]
[Date "1997.10.04"]
[Round "2.6"]
[White "Attaya, Jim"]
[Black "Crann, Bill"]
[Result "1-0"]
[WhiteElo "1553"]
[BlackElo "1101"]
[PlyCount "79"]
[EventDate "1997.10.04"]

1. e4 c5 2. Nc3 e6 3. Nge2 Nf6 4. g3 d5 5. exd5 exd5 6. d4 Nc6 7. Bg2 Be6 8.
O-O Bd6 9. Nf4 Bxf4 10. Bxf4 Nxd4 11. Re1 O-O 12. Ne2 Qb6 13. Nxd4 cxd4 14. Be5
Bg4 15. f3 d3+ 16. Kh1 Rae8 17. Bxf6 Rxe1+ 18. Qxe1 dxc2 19. fxg4 Qxf6 20. Bxd5
Rc8 21. Rc1 Qxb2 22. Bb3 Qc3 23. Bxc2 Qc6+ 24. Kg1 Qc5+ 25. Qf2 Qc3 26. Bxh7+
Kxh7 27. Rxc3 Rxc3 28. Qxf7 Rc1+ 29. Kg2 Rc2+ 30. Kh3 Rxa2 31. Qxa2 a6 32. g5
Kg6 33. Kh4 Kh7 34. Qc2+ g6 35. Qc7+ Kh8 36. Qf7 b5 37. Qxg6 b4 38. Qf7 b3 39.
g6 b2 40. Qh7# 1-0

[Event "Michigan Women's"]
[Site "Ann Arbor, MI"]
[Date "1997.10.25"]
[Round "3.4"]
[White "Zarzycki, Katherine"]
[Black "Yancey, Seleana"]
[Result "1-0"]
[WhiteElo "1605"]
[BlackElo "1605"]
[PlyCount "45"]
[EventDate "1997.10.25"]

{3/(4)} 1. e4 e5 2. Nf3 Nc6 3. Bc4 Nf6 4. Nc3 Bb4 5. O-O O-O 6. d4 exd4 7. Nxd4
Bxc3 8. bxc3 Nxe4 9. Nxc6 dxc6 10. Qf3 Nf6 11. h3 Re8 12. Ba3 Be6 13. Rad1 Qc8
14. Bd3 Bd5 15. Qg3 Rd8 16. Qh4 Rd7 17. g4 Be4 18. Bxe4 Rxd1 19. Rxd1 Nxe4 20.
Qe7 Nxc3 21. Rd7 Nd5 22. Qxf7+ Kh8 23. Qxg7# 1-0

[Event "Michigan Women's"]
[Site "Ann Arbor, MI"]
[Date "1997.10.25"]
[Round "1.3"]
[White "Zarzycki, Katherine"]
[Black "Raupp, Helene"]
[Result "0-1"]
[WhiteElo "1605"]
[BlackElo "1605"]
[PlyCount "54"]
[EventDate "1997.10.25"]

{1/(3)} 1. e4 e6 2. Nf3 d5 3. Nc3 d4 4. Bb5+ c6 5. Ba4 dxc3 6. bxc3 Nf6 7. d3
Bc5 8. O-O O-O 9. h3 b5 10. Bb3 a5 11. e5 Nd5 12. Bg5 Be7 13. Bxe7 Qxe7 14. c4
Nc3 15. Qd2 b4 16. Rae1 a4 17. Bxa4 Rxa4 18. Nd4 Rd8 19. Nf3 c5 20. a3 Rxa3 21.
g4 Bb7 22. Qe3 Nc6 23. h4 Nd4 24. Nxd4 Rxd4 25. f3 Qxh4 26. f4 Qh1+ 27. Kf2
Qg2# 0-1

[Event "Michigan Women's"]
[Site "Ann Arbor, MI"]
[Date "1997.10.25"]
[Round "4.5"]
[White "Zarzycki, Katherine"]
[Black "Raupp, Christine"]
[Result "0-1"]
[WhiteElo "1605"]
[BlackElo "1605"]
[PlyCount "60"]
[EventDate "1997.10.25"]

{4/(5)} 1. e4 e6 2. Nf3 d5 3. Nc3 c5 4. Bb5+ Bd7 5. Bxd7+ Qxd7 6. d4 Nc6 7. O-O
O-O-O 8. e5 f6 9. Be3 c4 10. b3 Bb4 11. Na4 fxe5 12. Nxe5 Nxe5 13. dxe5 Nh6 14.
Bxa7 Ba5 15. Nc5 Qc6 16. Na4 b6 17. Nxb6+ Bxb6 18. Bxb6 Qxb6 19. bxc4 dxc4 20.
Qe2 Qc5 21. Rad1 Nf7 22. Qe4 Nxe5 23. Rb1 Rd5 24. a4 Rhd8 25. Qxh7 Qe7 26. h3
Qg5 27. Rfd1 Rxd1+ 28. Rxd1 Rxd1+ 29. Kh2 Nf3+ 30. gxf3 Qg1# 0-1

[Event "Michigan Women's"]
[Site "Ann Arbor, MI"]
[Date "1997.10.25"]
[Round "2.4"]
[White "Zarzycki, Amanda"]
[Black "Stinson, Darlene"]
[Result "0-1"]
[WhiteElo "1605"]
[BlackElo "1605"]
[PlyCount "72"]
[EventDate "1997.10.25"]

{2/(4)} 1. e4 e5 2. Nf3 Nf6 3. Nc3 Bb4 4. Nxe5 Qe7 5. Qf3 Qxe5 6. Bc4 Bxc3 7.
bxc3 Qxe4+ 8. Qe2 Qxe2+ 9. Bxe2 O-O 10. O-O Nc6 11. Ba3 d6 12. Rfe1 Be6 13.
Rab1 Rab8 14. c4 Rfd8 15. Rb3 Nd4 16. Rc3 Nxe2+ 17. Rxe2 Re8 18. d3 Bd7 19. Kf1
Rxe2 20. Kxe2 Re8+ 21. Kf1 Ng4 22. f3 Ne3+ 23. Kf2 Nd1+ 24. Kg3 Nxc3 25. Bb4
Ne2+ 26. Kf2 Nd4 27. Bd2 Re2+ 28. Kf1 Rxd2 29. Ke1 Rxc2 30. Kd1 Rxa2 31. Kc1 a5
32. Kb1 Rc2 33. Ka1 a4 34. h4 a3 35. g4 a2 36. f4 Nb3# 0-1

[Event "Michigan Women's"]
[Site "Ann Arbor, MI"]
[Date "1997.10.25"]
[Round "2.2"]
[White "Yancey, Seleana"]
[Black "Walquist, Elaine"]
[Result "0-1"]
[WhiteElo "1605"]
[BlackElo "1735"]
[PlyCount "42"]
[EventDate "1997.10.25"]

{2/(2)} 1. e4 c5 2. Nf3 d6 3. d4 cxd4 4. Nxd4 Nf6 5. Nc3 a6 6. Bc4 e6 7. Nf3 b5
8. Bb3 b4 9. Na4 Nxe4 10. Qd4 d5 11. Nb6 Bc5 12. Qxg7 Bxf2+ 13. Ke2 Qxb6 14.
Qxh8+ Ke7 15. Bg5+ Nxg5 16. Nxg5 Qe3+ 17. Kf1 Bd7 18. Qxh7 Bb5+ 19. c4 bxc3+
20. Bc4 Bxc4+ 21. Qd3 Bxd3# 0-1

[Event "Michigan Women's"]
[Site "Ann Arbor, MI"]
[Date "1997.10.25"]
[Round "1.2"]
[White "Walquist, Elaine"]
[Black "Trice, Shevonne"]
[Result "1-0"]
[WhiteElo "1735"]
[BlackElo "1605"]
[PlyCount "21"]
[EventDate "1997.10.25"]

{1/(2)} 1. e4 e5 2. Nf3 Nc6 3. d4 f6 4. Bc4 Nge7 5. O-O d5 6. exd5 Nxd5 7. dxe5
Bc5 8. Bxd5 Nxe5 9. Nxe5 fxe5 10. Qh5+ Kf8 11. Qf7# 1-0

[Event "Michigan Women's"]
[Site "Ann Arbor, MI"]
[Date "1997.10.25"]
[Round "3.2"]
[White "Walquist, Elaine"]
[Black "Raupp, Helene"]
[Result "1-0"]
[WhiteElo "1765"]
[BlackElo "1605"]
[PlyCount "71"]
[EventDate "1997.10.25"]

{3/(2)} 1. e4 e6 2. c4 d5 3. exd5 exd5 4. d4 Nf6 5. h3 Nc6 6. Nf3 Bb4+ 7. Nc3
O-O 8. a3 Re8+ 9. Be3 Bxc3+ 10. bxc3 Be6 11. Ng5 Qe7 12. Nxe6 Qxe6 13. c5 Ne7
14. Be2 Nf5 15. Bf4 Re7 16. Ra2 Rae8 17. O-O Ne4 18. Qc1 Qg6 19. Bd3 Nh4 20.
Bg3 Qf6 21. Qc2 Ng6 22. Rb2 c6 23. Bh2 Qg5 24. Bxe4 dxe4 25. Bd6 Rd7 26. Rfb1
Nh4 27. Bg3 Nf5 28. Rxb7 Rxb7 29. Rxb7 Nxg3 30. fxg3 e3 31. Qa2 Qf6 32. Qe2 Qg6
33. g4 h6 34. Rxa7 Qb1+ 35. Qf1 Qc2 36. Qxf7+ 1-0

[Event "Michigan Women's"]
[Site "Ann Arbor, MI"]
[Date "1997.10.25"]
[Round "4.7"]
[White "Trice, Shevonne"]
[Black "Nichols, Glenda"]
[Result "1-0"]
[WhiteElo "1605"]
[BlackElo "1605"]
[PlyCount "43"]
[EventDate "1997.10.25"]

{4/(7)} 1. e4 d6 2. Bc4 Nf6 3. Nc3 e5 4. Nd5 Nxe4 5. Qe2 Nc6 6. Qxe4 Na5 7. Nf3
Nxc4 8. Qxc4 Bf5 9. Nxc7+ Kd7 10. Nxa8 Qxa8 11. Qxf7+ Kc6 12. Qxf5 Be7 13. d4
exd4 14. Nxd4+ Kb6 15. Be3 Qe8 16. Ne6+ Kc6 17. O-O-O Bh4 18. Qd5+ Kd7 19. Nc5+
Kc7 20. Qxb7+ Kd8 21. Rxd6+ Qd7 22. Qxd7# 1-0

[Event "Michigan Women's"]
[Site "Ann Arbor, MI"]
[Date "1997.10.25"]
[Round "1.5"]
[White "Thompson, Shereece"]
[Black "Jackson, Katrina"]
[Result "0-1"]
[WhiteElo "1605"]
[BlackElo "1605"]
[PlyCount "78"]
[EventDate "1997.10.25"]

{1/5} 1. e4 e6 2. Nf3 d5 3. Nc3 d4 4. Nb5 c5 5. d3 Qa5+ 6. Bd2 Qxb5 7. Be2 Qxb2
8. O-O Nc6 9. Rb1 Qa3 10. Re1 e5 11. h3 Nf6 12. Bg5 Be7 13. Bh4 Qxa2 14. Ra1
Qe6 15. Ng5 Qd6 16. Bh5 Nxh5 17. Qxh5 Qg6 18. Qxg6 hxg6 19. Bg3 Bxg5 20. Ra4 b5
21. Ra3 Nb4 22. c3 Nc2 23. Rea1 Nxa1 24. Rxa1 dxc3 25. Rc1 Bxc1 26. d4 cxd4 27.
Bxe5 d3 28. Bxg7 Rh4 29. Bxc3 d2 30. Bxd2 Bxd2 31. g3 Rxe4 32. f3 Re3 33. Kf2
Bxh3 34. f4 O-O-O 35. g4 Bc1 36. f5 Ra3 37. Kg1 Rd2 38. Kh1 Bb2 39. Kg1 Ra1#
0-1

[Event "Michigan Women's"]
[Site "Ann Arbor, MI"]
[Date "1997.10.25"]
[Round "4.1"]
[White "Stinson, Darlene"]
[Black "Walquist, Elaine"]
[Result "1-0"]
[WhiteElo "1605"]
[BlackElo "1735"]
[PlyCount "43"]
[EventDate "1997.10.25"]

{4/(1)} 1. e4 c5 2. Nf3 d6 3. h3 e5 4. Nc3 Nf6 5. Bc4 Be7 6. d3 O-O 7. O-O h6
8. Nh2 Be6 9. Nd5 Nbd7 10. Nxe7+ Qxe7 11. Bb5 a6 12. Bxd7 Qxd7 13. f4 Qc6 14.
f5 Bd7 15. Ng4 Nh7 16. f6 Bxg4 17. Qxg4 g5 18. h4 d5 19. hxg5 hxg5 20. Bxg5 Kh8
21. Bh6 Rg8 22. Bg7+ 1-0

[Event "Michigan Women's"]
[Site "Ann Arbor, MI"]
[Date "1997.10.25"]
[Round "3.1"]
[White "Stinson, Darlene"]
[Black "Skidmore, Jennifer"]
[Result "1-0"]
[WhiteElo "1605"]
[BlackElo "1950"]
[PlyCount "125"]
[EventDate "1997.10.25"]

{3/(1)} 1. e4 c5 2. Nc3 Nc6 3. Nf3 g6 4. d4 cxd4 5. Nxd4 Bg7 6. Be3 e6 7. Nxc6
bxc6 8. Bd4 e5 9. Bc5 Bb7 10. Qd2 Ne7 11. O-O-O a6 12. Be2 Bc8 13. Bg4 f5 14.
exf5 Nxf5 15. Bxf5 gxf5 16. Qd6 Qf6 17. Rhe1 Qxd6 18. Bxd6 e4 19. f3 Bh6+ 20.
Kb1 e3 21. f4 Kf7 22. Rxe3 Bf8 23. Bxf8 Rxf8 24. Na4 Rb8 25. Nc5 d5 26. Nd3 Kf6
27. Ne5 Rb6 28. Rdd3 Be6 29. c4 Rfb8 30. Re2 Rc8 31. cxd5 cxd5 32. Rxd5 Bxd5
33. Nd7+ Kf7 34. Nxb6 Rc5 35. Nxd5 Rxd5 36. Re5 Rxe5 37. fxe5 Ke6 38. Kc2 Kxe5
39. Kd3 f4 40. a3 h6 41. b4 Kd5 42. a4 h5 43. b5 axb5 44. axb5 h4 45. b6 Kc6
46. Ke4 h3 47. gxh3 f3 48. Kxf3 Kxb6 49. Kf4 Kc6 50. Kf5 Kd6 51. Kf6 Kd7 52. h4
Ke8 53. Kg7 Ke7 54. h5 Ke6 55. h6 Kf5 56. h7 Kg5 57. h8=Q Kg4 58. Qf8 Kg5 59.
Qf2 Kg4 60. Kf6 Kh5 61. Qf3+ Kh4 62. Qg3+ Kh5 63. Qg5# 1-0

[Event "Michigan Women's"]
[Site "Ann Arbor, MI"]
[Date "1997.10.25"]
[Round "1.4"]
[White "Stinson, Darlene"]
[Black "Shettlewood, Jeni"]
[Result "1-0"]
[WhiteElo "1605"]
[BlackElo "1605"]
[PlyCount "107"]
[EventDate "1997.10.25"]

{1/(4)} 1. e4 e5 2. Nf3 d6 3. Nc3 Nf6 4. h3 Nc6 5. Bb5 a6 6. Ba4 b5 7. Bb3 Nd4
8. Nxd4 exd4 9. Nd5 Nxe4 10. Qe2 Be6 11. Qxe4 c6 12. Nf4 d5 13. Qxd4 h6 14. Qe5
Bd6 15. Nxe6 fxe6 16. Qxe6+ Qe7 17. Qxe7+ Bxe7 18. O-O Rf8 19. d3 Bg5 20. Bxg5
hxg5 21. Rae1+ Kd7 22. Re5 Rfe8 23. Rfe1 Rxe5 24. Rxe5 Kd6 25. Re2 a5 26. a3 a4
27. Ba2 Rf8 28. c4 Rf5 29. cxd5 cxd5 30. Kf1 d4 31. Re4 Re5 32. Rxd4+ Kc5 33.
Re4 Kd6 34. Rxe5 Kxe5 35. Ke2 Kd4 36. f3 g6 37. Bf7 Ke5 38. Ke3 Kf6 39. Be8 Kf5
40. d4 Kf6 41. Ke4 Ke7 42. Bxb5 Ke6 43. Bc4+ Kd6 44. Bf7 Ke7 45. Bxg6 Kd6 46.
d5 Kd7 47. Ke5 Ke7 48. d6+ Kd7 49. Bf5+ Kd8 50. d7 Kc7 51. Ke6 Kd8 52. Kf7 Kc7
53. Ke8 Kc6 54. d8=Q 1-0

[Event "Michigan Women's"]
[Site "Ann Arbor, MI"]
[Date "1997.10.25"]
[Round "2.1"]
[White "Skidmore, Jennifer"]
[Black "Raupp, Christine"]
[Result "1-0"]
[WhiteElo "1950"]
[BlackElo "1605"]
[PlyCount "59"]
[EventDate "1997.10.25"]

{2/(1)} 1. e4 e6 2. d4 d5 3. exd5 exd5 4. Bd3 Nc6 5. c3 Bd6 6. Nf3 Nf6 7. Bg5
Be6 8. O-O Qd7 9. Nbd2 O-O-O 10. a4 Rde8 11. a5 h5 12. b4 h4 13. b5 Nb8 14. Qb3
c6 15. Rfb1 Bh3 16. gxh3 Qxh3 17. bxc6 Qg4+ 18. Kh1 h3 19. Qxb7+ Kd8 20. Rg1
Qe6 21. Bb5 Re7 22. Qa8 Rh5 23. Rae1 Qc8 24. Rxe7 Bxe7 25. Ne5 Qc7 26. Bf4 Bd6
27. Nxf7+ Qxf7 28. Bxd6 Qe6 29. Qxb8+ Qc8 30. c7# 1-0

[Event "Michigan Women's"]
[Site "Ann Arbor, MI"]
[Date "1997.10.25"]
[Round "4.2"]
[White "Skidmore, Jennifer"]
[Black "Livschitz, Louiza"]
[Result "1-0"]
[WhiteElo "1950"]
[BlackElo "1605"]
[PlyCount "37"]
[EventDate "1997.10.25"]

{4/(2)} 1. e4 c5 2. Nc3 Nc6 3. Bb5 d6 4. Bxc6+ bxc6 5. f4 e5 6. fxe5 dxe5 7.
Nf3 Bd6 8. O-O Nf6 9. d3 O-O 10. Bg5 Bg4 11. Qe1 Qb6 12. Na4 Qc7 13. Bxf6 gxf6
14. Qh4 Be6 15. Qxf6 Qe7 16. Qh6 Rfe8 17. Ng5 Red8 18. Qxh7+ Kf8 19. Qh8# 1-0

[Event "Michigan Women's"]
[Site "Ann Arbor, MI"]
[Date "1997.10.25"]
[Round "2.9"]
[White "Shettlewood, Jeni"]
[Black "Laing, Suzette"]
[Result "1-0"]
[WhiteElo "1605"]
[BlackElo "1605"]
[PlyCount "35"]
[EventDate "1997.10.25"]

{2/(9)} 1. e4 e5 2. Qf3 Nc6 3. Bc4 d5 4. exd5 Nd4 5. Qd3 Bc5 6. c3 Ne6 7. Qf3
Nh6 8. dxe6 O-O 9. d3 a5 10. Bxh6 gxh6 11. exf7+ Kh8 12. Nd2 Qe7 13. O-O-O a4
14. Ne4 Bb6 15. d4 a3 16. bxa3 Qxa3+ 17. Kb1 Qa4 18. Qf6# 1-0

[Event "Michigan Women's"]
[Site "Ann Arbor, MI"]
[Date "1997.10.25"]
[Round "2.3"]
[White "Raupp, Helene"]
[Black "Livschitz, Louiza"]
[Result "1-0"]
[WhiteElo "1605"]
[BlackElo "1605"]
[PlyCount "47"]
[EventDate "1997.10.25"]

{2/(3)} 1. f4 d5 2. e3 c5 3. b3 Nc6 4. Bb5 Bd7 5. Nf3 Nf6 6. Bb2 e6 7. O-O Be7
8. d3 O-O 9. Nbd2 Qb6 10. Bxc6 Bxc6 11. Qe1 Rad8 12. Ne5 Rfe8 13. Ndf3 Bf8 14.
Ng5 Rc8 15. Nexf7 Re7 16. Ne5 d4 17. e4 h6 18. Nh3 Ree8 19. Qh4 Be7 20. Ng6 Qc7
21. g4 Red8 22. g5 hxg5 23. Nxg5 Nh7 24. Qxh7# 1-0

[Event "Michigan Women's"]
[Site "Ann Arbor, MI"]
[Date "1997.10.25"]
[Round "3.3"]
[White "Raupp, Christine"]
[Black "Jackson, Katrina"]
[Result "1-0"]
[WhiteElo "1605"]
[BlackElo "1605"]
[PlyCount "69"]
[EventDate "1997.10.25"]

{3/(3)} 1. f4 e6 2. Nf3 d5 3. e3 c5 4. b3 Nc6 5. Bb5 Bd7 6. Bb2 Nf6 7. O-O a6
8. Bxc6 Bxc6 9. Ne5 d4 10. Nxc6 bxc6 11. Qf3 Rc8 12. e4 Qb6 13. d3 c4 14. Nd2
cxd3 15. cxd3 c5 16. Nc4 Qb8 17. Rfe1 Be7 18. e5 Nd5 19. f5 O-O 20. f6 gxf6 21.
Qg3+ Kh8 22. Bc1 Rg8 23. Qh3 Rg6 24. Re4 f5 25. Re2 Rcg8 26. Bh6 Bg5 27. Bxg5
Rxg5 28. Nd6 Nf4 29. Nxf7+ Kg7 30. Qh6+ Kxf7 31. Qf6+ Ke8 32. Rf2 Rxg2+ 33.
Rxg2 Rxg2+ 34. Kf1 Rxh2 35. Qh8+ 1-0

[Event "Michigan Women's"]
[Site "Ann Arbor, MI"]
[Date "1997.10.25"]
[Round "1.6"]
[White "Raupp, Christine"]
[Black "Horne, Terese"]
[Result "1-0"]
[WhiteElo "1605"]
[BlackElo "1605"]
[PlyCount "67"]
[EventDate "1997.10.25"]

{1/(6)} 1. f4 e6 2. Nf3 Nf6 3. e3 Nc6 4. b3 Bc5 5. Bb2 Nh5 6. Be2 Qe7 7. d4
Bb4+ 8. Nbd2 d5 9. O-O f6 10. Nh4 e5 11. Bxh5+ g6 12. Bxg6+ hxg6 13. Nxg6 Qg7
14. Nxh8 Qxh8 15. dxe5 fxe5 16. fxe5 Nxe5 17. c4 Bg4 18. Bxe5 Qh5 19. Nf3 O-O-O
20. cxd5 Rh8 21. Bxh8 Bd6 22. h3 Bxf3 23. Qxf3 Qxf3 24. Rxf3 Ba3 25. Raf1 c6
26. e4 Bc5+ 27. Kh1 cxd5 28. exd5 a5 29. Rd1 Kd8 30. Rf7 Ke8 31. Rxb7 Kf8 32.
d6 Bxd6 33. Rxd6 Kg8 34. Rd8# 1-0

[Event "Michigan Women's"]
[Site "Ann Arbor, MI"]
[Date "1997.10.25"]
[Round "3.6"]
[White "Nichols, Glenda"]
[Black "Zarzycki, Amanda"]
[Result "0-1"]
[WhiteElo "1605"]
[BlackElo "1605"]
[PlyCount "32"]
[EventDate "1997.10.25"]

{3/(6)} 1. e4 e5 2. Nf3 Nc6 3. Nc3 Bc5 4. Qe2 Nd4 5. Qe3 Nxc2+ 6. Ke2 Bxe3 7.
Nxe5 c6 8. fxe3 Nxa1 9. g3 d6 10. d4 dxe5 11. dxe5 Bg4+ 12. Kf2 f6 13. exf6
Qxf6+ 14. Kg2 Nh6 15. h3 Qf3+ 16. Kh2 Qf2+ 0-1

[Event "Michigan Women's"]
[Site "Ann Arbor, MI"]
[Date "1997.10.25"]
[Round "1.1"]
[White "Morley, Casey"]
[Black "Skidmore, Jennifer"]
[Result "0-1"]
[WhiteElo "1605"]
[BlackElo "1950"]
[PlyCount "72"]
[EventDate "1997.10.25"]

{1/(1)} 1. e4 e5 2. Nf3 d6 3. Be2 Nf6 4. Nc3 c6 5. O-O g6 6. d3 Bg7 7. Be3 O-O
8. b3 Be6 9. g3 Bh3 10. Re1 Ng4 11. Bd2 h6 12. Na4 b5 13. Nb2 Qb6 14. d4 exd4
15. Nd3 Nd7 16. a4 a6 17. Bf1 Bxf1 18. Rxf1 Rae8 19. Re1 c5 20. axb5 axb5 21.
Ba5 Qb7 22. b4 Rxe4 23. Rxe4 Qxe4 24. bxc5 dxc5 25. c3 dxc3 26. Rc1 b4 27. Nde1
Bd4 28. Qc2 Qb7 29. Qe2 Nge5 30. Nxe5 Nxe5 31. Rb1 Ra8 32. Bxb4 cxb4 33. Nd3
Nf3+ 34. Kf1 Nxh2+ 35. Ke1 Qh1+ 36. Qf1 Qxf1# 0-1

[Event "Michigan Women's"]
[Site "Ann Arbor, MI"]
[Date "1997.10.25"]
[Round "1.9"]
[White "Laing, Suzette"]
[Black "Zarzycki, Amanda"]
[Result "0-1"]
[WhiteElo "1605"]
[BlackElo "1605"]
[PlyCount "58"]
[EventDate "1997.10.25"]

{1/(9)} 1. e4 e5 2. Nf3 Nc6 3. Be2 Bc5 4. O-O Nf6 5. Bd3 d5 6. Qe2 O-O 7. b3
Bg4 8. Bb2 d4 9. a4 Nh5 10. h3 Nf4 11. Qd1 Ne7 12. hxg4 Qd6 13. g3 Nh3+ 14. Kg2
Qh6 15. g5 Qh5 16. Rh1 Qg4 17. Rxh3 Ng6 18. c4 Nf4+ 19. Kg1 Nxh3+ 20. Kf1 f6
21. gxf6 Rxf6 22. Na3 Rxf3 23. Be2 Rxf2+ 24. Ke1 Qxg3 25. d3 Bb4+ 26. Qd2 Bxd2+
27. Kxd2 Qe3+ 28. Kc2 Qxe2+ 29. Kb1 Qxb2# 0-1

[Event "Michigan Women's"]
[Site "Ann Arbor, MI"]
[Date "1997.10.25"]
[Round "4.4"]
[White "Jackson, Katrina"]
[Black "Zarzycki, Amanda"]
[Result "1-0"]
[WhiteElo "1605"]
[BlackElo "1605"]
[PlyCount "83"]
[EventDate "1997.10.25"]

{4/(4)} 1. d4 e6 2. c4 Nf6 3. Nc3 c5 4. d5 e5 5. e4 Bd6 6. Nf3 O-O 7. Be2 Bc7
8. O-O d6 9. Bd2 Ng4 10. Bg5 f6 11. Bh4 Qe8 12. Nb5 Bd8 13. Nxd6 Qd7 14. Nxc8
Qxc8 15. Ne1 Nh6 16. Nd3 Nd7 17. f4 Qc7 18. fxe5 Nxe5 19. Nxe5 Qxe5 20. Qc2 Bc7
21. Bg3 Qg5 22. Bxc7 Rae8 23. Bd6 Qe3+ 24. Kh1 Rf7 25. Bf4 Qd4 26. Rad1 Qxe4
27. Qxe4 Rxe4 28. Bh5 g6 29. Bxg6 hxg6 30. Bxh6 Rxc4 31. d6 Rd7 32. Rfe1 b5 33.
Re8+ Kf7 34. Rf8+ Ke6 35. Re8+ Kf7 36. Re2 g5 37. g3 a5 38. Kg2 a4 39. h4 gxh4
40. Bf4 Kf8 41. Kh3 hxg3 42. Kxg3 $138 1-0

[Event "Michigan Women's"]
[Site "Ann Arbor, MI"]
[Date "1997.10.25"]
[Round "4.9"]
[White "Horne, Terese"]
[Black "Laing, Suzette"]
[Result "0-1"]
[WhiteElo "1605"]
[BlackElo "1605"]
[PlyCount "52"]
[EventDate "1997.10.25"]

{4/(9)} 1. e4 e5 2. Nf3 Nc6 3. Nc3 Nf6 4. Bc4 Bb4 5. a3 O-O 6. O-O Ba5 7. d3 d6
8. Bg5 d5 9. exd5 Ne7 10. Nxe5 Nexd5 11. Bxd5 Re8 12. Bxf7+ Kh8 13. Bxe8 Qxe8
14. Re1 Bb6 15. Bxf6 gxf6 16. Nc4 Bxf2+ 17. Kxf2 Qg8 18. Qf3 Bg4 19. Qxf6+ Qg7
20. Qf4 Bh5 21. Qe4 Rf8+ 22. Kg1 Bg6 23. Qxb7 Rg8 24. Re3 h5 25. Qd5 Bf7 26.
Qc5 Qxg2# 0-1

[Event "Michigan Women's"]
[Site "Ann Arbor, MI"]
[Date "1997.10.25"]
[Round "2.8"]
[White "Driscoll, Elizabeth"]
[Black "Zarzycki, Katherine"]
[Result "0-1"]
[WhiteElo "1605"]
[BlackElo "1605"]
[PlyCount "44"]
[EventDate "1997.10.25"]

{2/(8)} 1. Nc3 e5 2. Nf3 Nc6 3. d3 Nf6 4. Bg5 Bb4 5. a3 Bxc3+ 6. bxc3 O-O 7.
Rb1 e4 8. Nh4 h6 9. Be3 Ne5 10. d4 Neg4 11. Bd2 e3 12. fxe3 Ne4 13. Bc1 Qxh4+
14. g3 Nxg3 15. hxg3 Qxh1 16. e4 Nh2 17. Kd2 Qxe4 18. Rb4 d5 19. Rb2 c5 20.
dxc5 Re8 21. Rb5 Qe3+ 22. Ke1 Nf3# 0-1

[Event "Cadillac Open"]
[Site "Cadillac, MI"]
[Date "1997.11.08"]
[Round "1"]
[White "Zaremba, Andrei"]
[Black "Matias, I.C."]
[Result "1-0"]
[WhiteElo "2298"]
[BlackElo "1686"]
[PlyCount "37"]
[EventDate "1997.11.08"]

1. e4 c6 2. d4 d5 3. exd5 cxd5 4. c4 Nf6 5. Nc3 e6 6. Nf3 Be7 7. cxd5 Nxd5 8.
Bd3 O-O 9. O-O Nc6 10. a3 Bf6 11. Qa4 Nce7 12. Qc2 h6 13. Ne5 b6 14. Rd1 Bb7
15. Ng4 Rb8 16. Qe2 Bg5 17. Ne5 Bxc1 18. Raxc1 Nf4 19. Qe3 {[Remainder of
scoresheet illegible.]} 1-0

[Event "Cadillac Open"]
[Site "Cadillac, MI"]
[Date "1997.11.08"]
[Round "1"]
[White "Townsend, Paul"]
[Black "Gabbara, Faris"]
[Result "0-1"]
[WhiteElo "1948"]
[BlackElo "2200"]
[PlyCount "54"]
[EventDate "1997.11.08"]

1. e3 Nf6 2. c4 g6 3. Nc3 Bg7 4. Nf3 d6 5. d4 O-O 6. Bd3 Nbd7 7. O-O e5 8. d5
Nc5 9. e4 a5 10. Be3 Nxd3 11. Qxd3 Nh5 12. Qd2 f5 13. Bg5 Qe8 14. Nb5 Qf7 15.
Bh6 fxe4 16. Bxg7 exf3 17. Bxf8 fxg2 18. Rfe1 Kxf8 19. Qg5 Bf5 20. Nc3 Nf4 21.
Re3 Kg7 22. Qh4 Rf8 23. Ne4 Bxe4 24. Rxe4 Nh3+ 25. Kxg2 Qf3+ 26. Kf1 Nxf2 27.
Ree1 Nh3+ 0-1